An illustrated history of 250 years of Military Survey (Record no. 96971)

MARC details
000 -LEADER
fixed length control field 00760cam a2200229 4500
001 - CONTROL NUMBER
control field ##M90267
008 - FIXED-LENGTH DATA ELEMENTS--GENERAL INFORMATION
fixed length control field 090401t1997 xxu||||| |||| 00| 0 eng d
020 ## - INTERNATIONAL STANDARD BOOK NUMBER
International Standard Book Number 0952973007
035 ## - SYSTEM CONTROL NUMBER
System control number (Sirsi) u84726
041 0# - LANGUAGE CODE
Language code of text/sound track or separate title eng
050 04 - LIBRARY OF CONGRESS CALL NUMBER
Classification number 526.9809 $2 18
100 1# - MAIN ENTRY--PERSONAL NAME
Personal name Hodson, Yolande
245 03 - TITLE STATEMENT
Title An illustrated history of 250 years of Military Survey
260 ## - PUBLICATION, DISTRIBUTION, ETC.
Place of publication, distribution, etc. Tolworth, Surrey
Name of publisher, distributor, etc. Military Survey Defence Agency
Date of publication, distribution, etc. 1997
300 ## - PHYSICAL DESCRIPTION
Extent 40p.
Other physical details ill
Dimensions 30cm.
350 ## - PRICE (NR) (BK AM CF MU VM SE) [OBSOLETE]
Price 7
520 ## - SUMMARY, ETC.
Summary, etc. Presents an overview of the key players and historical innovations of the Military Survey from 1747 to 1997.
690 ## - LOCAL SUBJECT ADDED ENTRY--TOPICAL TERM (OCLC, RLIN)
Topical term or geographic name as entry element ENVIRONMENTAL AND LAND CONSULTANCY-GEOMATICS-MAPPING AND POSITIONING-CARTOGRAPHY
700 1# - ADDED ENTRY--PERSONAL NAME
Personal name Gordon, Alan
942 ## - ADDED ENTRY ELEMENTS (KOHA)
Suppress in OPAC 0
948 ## - LOCAL PROCESSING INFORMATION (OCLC); SERIES PART DESIGNATOR (RLIN)
c (OCLC) 06/03/1998
Holdings
Withdrawn status Lost status Source of classification or shelving scheme Damaged status Not for loan Home library Current library Shelving location Date acquired Cost, normal purchase price Total Checkouts Full call number Barcode Date last seen Date last checked out Copy number Cost, replacement price Price effective from Koha item type
    Dewey Decimal Classification     London London Folio 08/04/1998 8.05 4 F526.9809 30055401 06/08/2019 18/08/2008 1 8.05 06/08/2019 Book